Central Library OPAC University of Rajshahi

Oscar Wilde / (Record no. 56407)

MARC details
000 -LEADER
fixed length control field 00809nam a2200229 a 4500
001 - CONTROL NUMBER
control field 56407
003 - CONTROL NUMBER IDENTIFIER
rucl marc code BD-RjUL
005 - DATE AND TIME OF LATEST TRANSACTION
control field 20211209080406.0
008 - FIXED-LENGTH DATA ELEMENTS--GENERAL INFORMATION
fixed length control field 161129s1954 enk||||| |||| 00| 0 eng d
035 ## - SYSTEM CONTROL NUMBER
System control number (BD-RjUL)56531
040 ## - CATALOGING SOURCE
Original cataloging agency BD-RjUL
Language of cataloging eng
Transcribing agency BD-RjUL
Modifying agency BD-RjUL
041 ## - LANGUAGE CODE
Language code of text/sound track or separate title eng
082 ## - DEWEY DECIMAL CLASSIFICATION NUMBER
Edition number 23
Classification number 822
Author mark and year LAO 1954
100 ## - MAIN ENTRY--PERSONAL NAME
Personal name Laver, James.
9 (RLIN) 167780
245 ## - TITLE STATEMENT
Title Oscar Wilde /
Statement of responsibility, etc. James Laver.
260 ## - PUBLICATION, DISTRIBUTION, ETC. (IMPRINT)
Place of publication, distribution, etc. London :
Name of publisher, distributor, etc. Published for the British Council by Longmans, Green,
Date of publication, distribution, etc. 1954
300 ## - PHYSICAL DESCRIPTION
Pagination 36 p. ;
Size 20 cm.
490 ## - SERIES STATEMENT
Series statement Bibliographical series of supplements to British book news on writers and their work,
Volume/sequential designation no. 53.
650 ## - SUBJECT ADDED ENTRY--TOPICAL TERM
Topical term or geographic name as entry element English Drama.
9 (RLIN) 167781
830 ## - SERIES ADDED ENTRY--UNIFORM TITLE
Uniform title Bibliographical series of supplements to British book news on writers and their work,.
Volume number/sequential designation no. 53
942 ## - ADDED ENTRY ELEMENTS (KOHA)
Source of classification or shelving scheme Dewey Decimal Classification
Koha item type Books
Holdings
Lost status Source of classification or shelving scheme Damaged status Not for loan Collection code Permanent Location Current Location Shelving location Date acquired Source of acquisition Cost, normal purchase price Total Checkouts Full call number Date last seen Copy number Koha item type
  Dewey Decimal Classification     Non-fiction Central Library, University of Rajshahi Central Library, University of Rajshahi   30/06/1961 Dacca, British Council 0.00   822 LAO 1954 29/11/2016 C-2 Books